000 00374 a2200097 4500
245 0 0 _aElementy urządzeń mikrofalowych - Rury ciągnione na falowody prostokątne Wymagania podstawowe PN-75/T-80301 /
_cMin. Przem. Maszynowego.
246 1 3 _aPN-75/T-80301
246 1 3 _a621.372.822:669-462
260 _aWarszawa :
_bMin. Przem. Maszynowego,
_c1975.
300 _a7 stron ;
_c30 cm.
650 _aPolska norma
999 _c18905
_d18905